| 000 | 00452cam a2200181ua 4500 | ||
|---|---|---|---|
| 020 | _cRs 2.00 | ||
| 041 |
_amal _h |
||
| 082 |
_a894.812 09 _bSAN/SA |
||
| 100 | _aSankaranarayana, Aiyar . | ||
| 245 |
_aSahitya vicharam / _cSankaranarayana Aiyar. _hTextual Documents |
||
| 250 |
_a1 / _b. |
||
| 260 |
_a : _bSankaranarayana Aiyer , _c1962. |
||
| 300 | _a234 ; . | ||
| 365 | _aRs 2.00 | ||
| 504 | _a | ||
| 942 | _cBK | ||
| 999 |
_c4135 _d4135 |
||